Fauna silurica de Portugal (Record no. 48621)
[ view plain ]
| 000 -LEADER | |
|---|---|
| campo de control de longitud fija | 00917nam a22002295i 4500 |
| 001 - NÚMERO DE CONTROL | |
| campo de control | 48621 |
| 003 - IDENTIFICADOR DE NÚMERO DE CONTROL | |
| campo de control | ES-MaACL |
| 005 - FECHA Y HORA DE LA ÚLTIMA TRANSACCIÓN | |
| campo de control | 20250805063239.0 |
| 007 - CAMPO FIJO DE DESCRIPCIÓN FÍSICA--INFORMACIÓN GENERAL | |
| campo de control de longitud fija | t| |
| 008 - DATOS DE LONGITUD FIJA--INFORMACIÓN GENERAL | |
| campo de control de longitud fija | 950721s1892 po ||||1| por d |
| 040 ## - FUENTE DE CATALOGACIÓN | |
| Centro catalogador/agencia de origen | CAM |
| Lengua de catalogación | spa |
| Centro/agencia transcriptor | CAM |
| 100 1# - ENTRADA PRINCIPAL--NOMBRE DE PERSONA | |
| Nombre de persona | Delgado, Joaquim Filipe Nery, |
| Fechas asociadas al nombre | 1835-1908 |
| 9 (RLIN) | 43410 |
| 245 10 - MENCIÓN DEL TÍTULO | |
| Título | Fauna silurica de Portugal |
| Resto del título | : descripçao de uma fórma nova de trilobite: lichas (uralichas) ribeiroi / |
| Mención de responsabilidad, etc. | por J.F.N. Delgado. |
| 260 ## - PUBLICACIÓN, DISTRIBUCIÓN, ETC. | |
| Lugar de publicación, distribución, etc. | Lisboa : |
| Nombre del editor, distribuidor, etc. | Commissâo dos Trabalhos Geologicos de Portugal, |
| Fecha de publicación, distribución, etc. | 1892 ( |
| Fabricante | typographia da Academia Real das Sciencias) |
| 300 ## - DESCRIPCIÓN FÍSICA | |
| Extensión | 31 p., VI h. de lám. ; |
| Dimensiones | 32 cm ; |
| -- | 32 cm. |
| 500 ## - NOTA GENERAL | |
| Nota general | En el interior, port. y texto paralelo en francés. |
| 650 14 - PUNTO DE ACCESO ADICIONAL DE MATERIA--TÉRMINO DE MATERIA | |
| Término de materia o nombre geográfico como elemento de entrada | Trilobites- |
| Subdivisión geográfica | Portugal. |
| 9 (RLIN) | 17648 |
| 650 #4 - PUNTO DE ACCESO ADICIONAL DE MATERIA--TÉRMINO DE MATERIA | |
| Término de materia o nombre geográfico como elemento de entrada | Paleontología- |
| Subdivisión geográfica | Portugal. |
| 9 (RLIN) | 167307 |
| 710 2# - ENTRADA AGREGADA--NOMBRE DE ENTIDAD CORPORATIVA | |
| Nombre de entidad corporativa o nombre de jurisdicción como elemento de entrada | Academia das Ciências de Lisboa. |
| 9 (RLIN) | 1159 |
| 852 ## - LOCALIZACIÓN | |
| Ubicación | ES-MaACL |
| Número de control de estantería | G-6155(1) |
| Estatus retirado | Estado de pérdida | Estado de daño | No para préstamo | Colección | Biblioteca de origen | Biblioteca actual | Ubicación en estantería | Fecha de adquisición | Fuente de adquisición | Total de préstamos | Signatura topográfica completa | Código de barras | Visto por última vez | Precio de reemplazo | Tipo de ítem Koha |
|---|---|---|---|---|---|---|---|---|---|---|---|---|---|---|---|
| Libros del s. XIX | Biblioteca del Ateneo de Madrid | Biblioteca del Ateneo de Madrid | Depósito 2 | 17/01/2008 | G-6155(1) | 1051166 | 23/02/2023 | 23/02/2023 | Libro impreso antiguo |
